Normal view
MARC view
Entry Topical Term
001 - CONTROL NUMBER
- control field: 31357
003 - CONTROL NUMBER IDENTIFIER
- control field: OSt
005 - DATE AND TIME OF LATEST TRANSACTION
- control field: 20220520123124.0
008 - FIXED-LENGTH DATA ELEMENTS
- fixed length control field: 220520|| aca||aabn | a|a d
040 ## - CATALOGING SOURCE
- Original cataloging agency: OSt
- Transcribing agency: OSt
150 ## - HEADING--TOPICAL TERM
- Topical term or geographic name entry element: East Pakistan crisis, US military aid to Pakistan, US ‘opening to China’, Balance of power, India–Pakistan war, US 7th fleet, Indo-Soviet treaty, Foreign policy perceptions and approaches.
670 ## - SOURCE DATA FOUND
- Source citation: Work cat.: (OSt): Bishoyi, Saroj 31356, Role of the united states in the 1971 war: Implications for India–USr elations
